Click the Beatles Song Title Ending - Statistics

General Stats
  • This quiz has been taken 5,383 times
  • The average score is 20 of 25
Answer Stats
Hint Answer % Correct
All You Need Is Love
99%
Yellow Submarine
97%
I Want to Hold Your Hand
95%
Let it Be
94%
Hey Jude
94%
Eleanor Rigby
89%
Helter Skelter
89%
I've Got a Feeling
88%
A Hard Day's Night
88%
Penny Lane
87%
Across the
Universe
86%
Lady Madonna
85%
Ticket to Ride
84%
Love Me Do
83%
Paperback Writer
81%
Day Tripper
80%
I Am the Walrus
79%
Octopus's Garden
78%
Nowhere Man
77%
Fixing a Hole
72%
Lovely Rita
72%
Mean Mr. Mustard
71%
Honey Pie
71%
Doctor Robert
70%
Dig a Pony
41%
No matching quizzes found
Score Distribution
Percent of People with Each Score
Percentile by Number Answered
Your Score History
You have not taken this quiz